000 00275nam a2200121Ia 4500
008 240624s9999 xx 000 0 und d
041 _aeng
082 _a828 THA
100 _aTHAPAR KARAN
245 _aSUNDAY SENTIMENTS
260 _c2008
_aNew Delhi
_bWisdom
365 _cRS
999 _c31328
_d31328